[Event "ProMoPro"]
[Site "?"]
[Date "2003.09.10"]
[Round "5.1"]
[White "Studnicka, Tomas"]
[Black "Cernousek, Lukas"]
[Result "0-1"]
[WhiteElo "2282"]
[BlackElo "2293"]
[Annotator "Stross"]
[PlyCount "86"]
[EventDate "2003.09.06"]

{Jedna z nejzajimavejsich a nejnapinavejsich partii, ktere jsem kdy videl.
Analyzoval jsem ji nekolik dni s sachovymi programy Fritz 8, Junior 8 a
Schredder 7.04 na Celeronu 2,6 GHz. A to predevsim pozici od 28.tahu cerneho.
Sve poznatky jsem pak konzultoval s IM Ivanem Hausnerem, ktery partii take
velice zevrubne analyzoval. Velice me prekvapilo, kolik jsem toho spolu s temi
vsemi superprogramy nevidel. O nekterych variantach se mi ani nezdalo. A to
musim podotknout, ze pan Hausner analyzuje vyhradne sam, bez pomoci
jakehokoliv sachoveho programu (pry to jej jeste udrzuje sachove pri zivote...)
.} 1. d4 d5 2. c4 c6 3. Nf3 Nf6 4. Nc3 e6 5. Bg5 dxc4 {
Ne kazdy si muze dovolit vstoupit do labyrintu Botvinnikova systemu...} 6. e4
b5 7. e5 h6 8. Bh4 g5 9. Nxg5 hxg5 10. Bxg5 Nbd7 11. g3 Bb7 12. Bg2 Qb6 13.
exf6 c5 14. d5 b4 $5 {Zkousi bileho zmast.} (14... O-O-O {
vede k hlavni variante.}) 15. O-O $1 {Tomas mi po partii rikal, ze variantu s
14..b4 neznal a ani nic konkretniho po obeti jezdce nevidel. Byla to cista
intuice.} 15... bxc3 $6 {To je hlavni idea tahu 14..b4.} (15... O-O-O {
stale vede k hlavnim teoretickym variantam a diky nevyuzitemu 17. tahu bileho
je to i lepsi moznost, nez tah v partii.}) 16. dxe6 $1 (16. bxc3 e5 $1 (16...
Qc7 17. dxe6 (17. Re1 $5 O-O-O 18. dxe6 fxe6 19. Bxb7+ Qxb7 20. f7 Bg7 21. Bxd8
Rxd8 22. Qg4 Bxc3 23. Rab1 Qd5 24. Rxe6 Bd4 {S nejasnou hrou podle S. Ivanova,
ale ve skutecnosti uz bily stoji jasne na vyhru po} 25. Qf5 $3 $18) 17... fxe6
18. Qb1 $5 O-O-O (18... Bxg2 19. Qg6+ Kd8 20. f7+ Kc8 21. Kxg2 Qc6+ 22. f3 Rb8
23. Rf2 $36 {(S. Ivanov)}) 19. Bxb7+ Qxb7 20. Re1 Bh6 21. Qxb7+ Kxb7 22. f4 $44
{Sakaev - S. Ivanov, Kazan 1995}) 17. Rb1 Qa6 18. Rxb7 Qxb7 19. d6 Qc8 {
"V teto chvili jsem se zeptal Lukiho, kdo z nich stoji vice na prohru. Pry
nema zdani, ale ze tuto pozici s kolegy dlouho analyzoval a usoudili jen, ze
pozice je podezrela pro oba. Na tomto nazoru nic nemeni ani tato partie."
(Palkovi)} 20. f4 {Podle S. Ivanova zde ma bily rozhodujici vyhodu. Ovsem vec
je daleko od jasnosti. (Lukacs)} 20... e4 $1 21. Re1 (21. Bxe4 Rb8 22. Qd5 Rb6
23. Qxf7+ Kxf7 24. Bd5+ Kg6 25. Be4+ Kf7 26. Bd5+ $11 {(Lukacs)}) 21... Rb8 22.
Bxe4 Kd8 23. Qd5 {"Pro bileho byl tohle prvni samostatny tah. V domacim
rozboru se objevila i moznost} (23. Bg6 $5 {" (Palkovi)}) 23... Qa6 24. Qxf7
Qxd6 25. Bg2 Kc7 26. h4 Rb2 27. Qxc4 Nxf6 28. Qa4 Kb6 29. Rd1 Qe6 30. Bxf6 Qxf6
31. Rd7 Rxg2+ 32. Kxg2 Qc6+ 33. Qxc6+ Kxc6 34. Rxa7 c4 35. f5 Bc5 36. Ra6+ Kb5
37. Re6 Ra8 38. Re2 Ra3 39. f6 Rxc3 40. f7 Rd3 41. Rf2 {
1/2 Babula - Lukacs, Zalakaros 1998}) 16... Ne5 (16... O-O-O 17. e7 cxb2 18.
exd8=Q+ Kxd8 19. Rb1 c3 {
je zajimave. (Babula) Ale rekl bych, ze jen pro bileho...} 20. Bxb7 Qxb7 21.
Qd3 $18) 17. Re1 $6 {
Bily zde mel daleko nadejnejsi postup, ktery by zpochybnil koncepci s 15..bxc3.
} (17. Bxb7 Qxb7 18. f4 $1 $18 {podle partie Szabo-Mann, Budapest 1997. Na
tuto variantu me upozornil IM v kor. sachu Jirka Dufek pri nasich diskuzich na
internetovem serveru Playchess a ve sve popularni rubrice ve Washington Post
ji uvadi i GM Lubos Kavalek.}) 17... Bxg2 18. Rxe5 Qc6 (18... Bc6 19. exf7+ (
19. bxc3 $5) 19... Kxf7 20. Qg4 Re8 21. Qxc4+ Kg6 22. Qxc3 $36 {Ftacnik} (22.
Qd3+ $5) (22. Rxe8 $5)) 19. Qd7+ $6 $146 {
GM Lukacs dava ve svych analyzach k tomuto tahu otaznik.} (19. Qe2 Bh3 20.
exf7+ Kxf7 21. Qxc4+ Kg6 (21... Be6 22. Qxc3 Bd6 23. Rxe6 (23. Re3 Rxh2 $1)
23... Kxe6 24. Rd1 $44 {Lukacs}) 22. Qd3+ Kf7 23. Qc4+ $11 {
Rosenlund - Ivkov, Jugoslavie 1977}) (19. e7 Bh6 $1 (19... cxb2 $6 20. exf8=Q+
Kxf8 21. Rb1 Bh1 (21... c3 {Tento tah uvadi Lukacs ve svych poznamkach k svoji
partii proti Babulovi bez dalsiho komentare. Ve skutecnosti dostava cerny mat
9. tahem po} 22. Qg4 {!}) 22. f3 $16) 20. Bxh6 Bh1 $1 21. f3 Bxf3 22. Qc1 cxb2
23. Qxb2 Rxh6 $17) 19... Qxd7 20. exd7+ Kxd7 21. Kxg2 cxb2 $17 {
GM Lukacs zde uvadi dokonce uz rozhodujici vyhodu cerneho.} 22. Rb1 Bd6 23. Re3
(23. Rd5 Ke6 24. Rxd6+ Kxd6 25. Rxb2 Rad8 26. h4 Kc6 $17) 23... Rab8 24. Rc3
Rb4 25. Bd2 (25. a3 Rb3 26. Rxc4 Rhb8 $17) 25... Be5 26. Rc2 (26. Re3 Bxf6 27.
Bxb4 cxb4 $19) 26... Rhb8 $5 {Cerny hraje velice kreativne.} ({Jednoduche} 
26... Ra4 {davalo jasnou prevahu. Napr.} 27. Rcxb2 Bxb2 28. Rxb2 Ke6 $17) 27.
Bxb4 Rxb4 28. a3 c3 $5 {
Fantasticky tah, ktery vsak po spravne obrane vede pouze k remize.} (28... Ra4
29. Rcxb2 Bxb2 30. Rxb2 Rxa3 {
a neni jiste, jestli tato koncovka je za cerneho vyhrana.}) ({
Proto bylo nejlepsi} 28... Rb3 $1 29. Rxc4 Rxa3 30. Rxc5 Ra1 31. Rxe5 Rxb1 32.
Rb5 a5 33. h4 a4 34. h5 a3 35. h6 a2 36. h7 a1=Q 37. h8=Q Rg1+ 38. Kf3 Qd1+ $19
) 29. axb4 cxb4 {Vyse jsem uvedl, ze partii jsem analyzoval s Fritzem 8,
Juniorem 8 a Schredderem 7.04. Musim vsak podotknout, ze Junior a Schredder
cele teto koncovce vubec nerozumi a vetsinu pozic hodnoti uplne spatne. Za to
Fritz je vyborny.} 30. Kf3 $1 {
Nejlepsi. Bily kral smeruje k boji na damske kridlo.} 30... a5 (30... b3 31.
Rxc3 Bxc3 32. Ke4 a5 33. Kd3 Bxf6 34. Kc4 a4 35. Kb4 $18) (30... Ke6 31. Ke4 a5
{viz. 30..a5}) (30... Kd6 31. Ke4 Bxf6 (31... a5 {viz. 30..a5}) 32. Kd3 Kd5 {
A nyni ma bily dva tahy vedouci k remize.} 33. Rcxb2 (33. Rd1 a5 34. Rxb2 cxb2
35. Kc2+ Kc4 36. Rd7 $1 $11) 33... cxb2 34. Kc2 Kc4 35. Rd1 $1 ({Ale ne} 35.
Rxb2 $2 a5 $3 $19 (35... Bxb2 $2 36. Kxb2 $11)) 35... b3+ (35... a5 36. Rd7 $1
$11) 36. Kb1 a5 37. Rd7 $11) 31. Ke4 a4 $2 {Tento tah vede vynucene k prohre.
Cerny mel zaktivizovat krale budto po 31..Ke6 nebo 31..Kd6. Bily by pak po
obou tazich musel najit opravdu uzounkou cestu k remize. Nektere z
nasledujicich variant jsou doslova fantasticke.} (31... Ke6 32. Rd1 $1 ({
Vse ostatni prohrava. Napr.} 32. Re2 a4 33. Kd3 Kd5 34. Rd1 Bxf6 35. Kc2+ Bd4
$1 {viz. 32.Kd3}) (32. f4 Bxf6 33. f5+ Kd6 34. Kd3 Kd5 35. g4 a4 36. g5 Bd4 37.
g6 fxg6 38. fxg6 a3 $19) (32. Kd3 Kd5 33. Rd1 a4 34. Re2 Bxf6 35. Kc2+ Bd4 $1
36. Kb1 b3 37. Rxd4+ Kxd4 38. Rxb2 cxb2 39. Kxb2 Kc4 40. h4 Kb4 41. h5 a3+ $19)
32... a4 33. f4 $1 Bxf6 (33... Bxf4 34. gxf4 a3 35. f5+ $18) 34. f5+ Ke7 35.
Kd3 b3 $1 {(Hausner)} (35... a3 $2 36. Re2+ Kf8 37. Kc2 a2 38. Ree1 $8 Kg7 39.
Kb3 c2 40. Kxa2 cxd1=Q 41. Rxd1 {a tuto koncovku by mel bily asi vyhrat.}) 36.
Rxb2 $1 (36. Rxc3 a3 $3 37. Rxb3 a2 38. Rb7+ Kf8 39. Rxb2 Bxb2 $17) 36... cxb2
37. Kc4 Bg5 38. Rb1 Kf6 39. g4 Bc1 40. h4 Ke5 $11 {(Hausner)}) (31... Kd6 $1 {
Nejnadejnejsi tah doporuceny Ivanem Hausnerem. Bily by musel najit opravdu
uzounkou cesticku k zachrane.} 32. Rd1+ $1 Kc5 33. Rb1 $3 {Tento paradoxni
navrat bileho zachranuje. Hrozi brani na b2 a pokud cerny zahraje 33..Kb5,
bily uz muze vzit strelce s vyhrou.} (33. Kxe5 a4 {Podobna pozice vznikla v
partii, ovsem s tim dulezitym rozdilem, ze cerny ma sveho krale misto na c6
jiz na c5, kde zabranuje bilemu krali v obsazeni pole d4. Je to neuveritelna
pozice, bily ma o dve ciste veze vice a stejne nemuze zabranit prohre. Duch
vitezi nad hmotou...} 34. g4 $1 {
Asi nejlepsi, postupem g-pesce si bily vytvari protihru.} ({
Velice zajimava je ale i tato varianta.} 34. Re2 a3 35. Re4 Kb5 $1 36. Rd8 b1=Q
37. Rb8+ Ka5 38. Ra8+ Kb6 39. Rb8+ Kc7 $1 (39... Ka6 40. Rexb4 Qxb4 $1 41. Rxb4
c2 42. Ra4+ Kb5 43. Rxa3 c1=Q 44. Rf3 {a neni jiste, jestli by se cernemu
podarilo nejakym zpusobem pevnost bileho prolomit.}) 40. Rexb4 Qd3 41. R4b7+
Kc6 42. Rb6+ Kc5 $19) 34... a3 35. g5 a2 36. g6 (36. Rcc1 Kb5 $1 {
S ideou c3-c2!} 37. g6 c2 {Tri spojeni volni pesci na predposledni rade se
take nevidi kazdy den. Znama partie na toto tema je McDonnell - Labourdonnais,
Londyn 1834.} 38. Re1 fxg6 39. f7 b1=Q 40. Rxb1 cxb1=Q 41. Rxb1 axb1=Q 42. f8=Q
Qf5+ 43. Qxf5 gxf5 44. Kxf5 b3 $19) 36... a1=Q 37. gxf7 Qa8 38. Ke6 Qe4+ 39.
Kd7 Qg4+ 40. Kc7 (40. Ke8 Qxd1 $3 41. f8=Q+ {
Opet ma cerny o cistou vez mene a navic je jeste v sachu! Ohromujici...} 41...
Kb5 $19) 40... Qf4+ 41. Kd7 Qxf6 42. Ke8 Qe6+ 43. Kf8 Kc4 44. Rxb2 {Co jineho?}
44... cxb2 45. Rg1 Qf5 46. Ke7 b1=Q $1 47. Rxb1 Qxb1 48. f8=Q Qe4+ {
Bily nemuze zabranit vymene dam s prohranou pescovkou.} 49. Kd6 (49. Kd7 Qd5+
50. Kc7 Qc5+ 51. Qxc5+ Kxc5 $19) 49... Qd5+ 50. Ke7 Qc5+ 51. Ke8 Qxf8+ 52. Kxf8
b3 $19) (33. Kd3 a4 ({Vyhrava i} 33... Bxf6 34. Rxb2 cxb2 35. Kc2 a4 $19) 34.
Re2 Bxf6 35. Re8 a3 36. Rc8+ Kb5 37. Ra8 b3 38. Rxa3 Kb4 39. Ra8 c2 $19) 33...
Kc4 (33... Bxf6 34. Rbxb2 Kc4 $11 {viz. 33..Kc4}) (33... Kd6 34. Rd1+ $8 Kc5
35. Rb1 $8 Kd6 $11 {Docela netradicni opakovani tahu, rekl bych.}) (33... b3 $2
34. Rbxb2 $1 {Jedine, ale postacujici.} (34. Rcxb2 $2 cxb2 35. Kxe5 a4 36. Rxb2
Kb4 $19) 34... Kb4 35. Rb1 $1 {a je to bily, kdo hraje na vyhru. Napr.} (35.
Rxb3+ $2 Kxb3 36. Kd3 Bxf6 37. Rc1 Kb2 38. Rc2+ Kb3 $11) 35... Bxf6 36. Kd3 a4
37. Re2 $1 b2 38. Kc2 a3 39. Re4+ Ka5 40. Kb3 c2 41. Kxc2 a2 42. Re8 axb1=Q+ (
42... a1=Q 43. Ra8+ Kb4 44. Raxa1 $18) 43. Kxb1 $18) (33... a4 $2 34. Rbxb2
Bxf6 35. Kd3 $18) 34. Rbxb2 Bxf6 35. Rc1 b3 36. Rxb3 Kxb3 37. Kd3 Kb2 38. Rc2+
Kb3 39. Rc1 Kb2 $11) 32. Kxe5 a3 33. Rd1+ Kc6 34. Kd4 a2 35. Rcc1 Kb5 36. Kd3
Ka4 37. h4 $2 ({Po spravnem} 37. Kc2 $1 {by cerny zaplakal.} 37... Ka3 (37...
bxc1=Q+ 38. Rxc1 Ka3 39. Re1 b3+ 40. Kxc3 b2 41. Re8 b1=N+ 42. Kc2 Nc3 43. Ra8+
Na4 44. Rxa4+ Kxa4 45. Kb2 $18 {Cernousek}) 38. Rb1 $1 axb1=Q+ 39. Rxb1 (39.
Kxb1 $4 b3 $19) 39... Ka2 40. Re1 $18 {Tomas mi rikal, ze sice videl hrozbu
Kb3 a proto chtel puvodne hrat spravne 37.Kc2, ale potom se zacal venovat tahu
37.h4 a na hrozbu cerneho uplne zapomnel...}) 37... Kb3 $19 38. h5 c2 39. Rh1
b1=Q 40. h6 a1=Q 41. h7 Qxc1 42. Rxc1 Qxc1 43. h8=Q Qd1+ {Partie mi trochu
pripomina slavnou partii Gufeld - Kavalek, Marianske Lazne 1962. A
pravdepodobne nejen mne.} 0-1

[Event "ProMoPro "]
[Site "?"]
[Date "2003.09.10"]
[Round "5.25"]
[White "Krivanek, Vladimir"]
[Black "Korsa, Jindrich"]
[Result "1-0"]
[WhiteElo "1744"]
[BlackElo "1995"]
[Annotator "Stross"]
[PlyCount "67"]
[EventDate "2003.09.06"]

1. e4 e5 2. Nf3 Nc6 3. Nc3 Nf6 4. Bb5 d6 {Zbytecne pasivni tah.} (4... Bb4) (
4... Nd4) 5. d4 Bd7 {Partie presla do Steinitzovi obrany ve spanelske.} 6. Bxc6
$1 {Jeden z nejnadejnejsich systemu. Nedavno se v Sachinfu (2003/10, str. 487)
objevila partie Hracek - Comas Fabrego, Istanbul 2003, kde nas velmistr tento
postup bileho velice chvali. Ze by Vlada tu partii studoval? No,osobne si
myslim, ze vse spis vymyslel az u sachovnice...} 6... Bxc6 7. Qd3 exd4 ({
Encyklopedie uvadi jako nejlepsi} 7... Nd7 8. Be3 (8. d5 Nc5 9. Qc4 Bd7 10. b4
Na6 11. Be3 Be7 12. O-O O-O 13. a4 $14 {Nimcovic - Breyer, Goteborg 1920}) (8.
Bg5 $5 {Aljechin}) 8... exd4 9. Bxd4 f6 10. Nh4 Ne5 11. Qe2 Qd7 12. f4 Ng6 13.
Qh5 $14 {Zajcev - Smyslov, Moskva 1967}) 8. Nxd4 Be7 (8... Bd7 9. Bg5 Be7 10.
O-O-O Ng4 (10... O-O 11. f4 $16 {Spielmann - Maroczy, Goteborg 1920} (11. Rhe1
h6 12. Bh4 Ng4 13. Bxe7 Qxe7 14. Qg3 {Hracek - Comas Fabrego, 2003})) 11. Bxe7
Qxe7 12. Nd5 Qd8 13. Qg3 O-O 14. f3 Nf6 15. Ne3 $16 {
van Riemsdijk - Rocha, Sao Paulo 1977 (ECO)}) 9. Nxc6 (9. Nf5 g6 10. Nxe7 Qxe7
11. O-O O-O-O 12. Re1 Nd7 13. Qd4 a6 14. Bf4 Rhe8 15. Re3 $16 {
Tal - Zajcev, 1969 (ECO)}) 9... bxc6 10. f4 O-O 11. O-O d5 12. e5 Bc5+ 13. Kh1
Ng4 $6 {S timto jezdcem bude mit cerny velke problemy.} (13... Nd7 $142 14. Na4
$14) 14. Qg3 f5 15. h3 Nh6 {
Pokud by cerny svym jezdcem obsadil blokadove pole e6, stal by vyborne.} 16.
Ne2 Rb8 (16... Qe7 $5 {s ideou Jh6-f7-d8-e6.}) 17. b3 Re8 18. Bb2 Re6 19. a3
Bb6 20. Nd4 Rg6 21. Qe1 c5 22. Nf3 Rc6 23. e6 $1 $16 {Z jezdce na h6 je mrzak.}
23... Qe7 24. Ng5 c4 $2 ({Nutne bylo drzet diagonalu a1-h8 zavrenou a hrat} 
24... d4 {, ale i pak neni cernemu co zavidet.}) 25. Qe5 Rd8 $2 26. Nf7 $1 $18
d4 {Cerny uz se mohl klidne vzdat, zbytek je zoufalstvi.} 27. Nxd8 Rd6 28. Nf7
Rxe6 29. Nxh6+ gxh6 30. Qd5 c3 31. Bxc3 c6 32. Qc4 dxc3 33. Rfe1 Be3 34. Rxe3
1-0

[Event "ProMoPro"]
[Site "?"]
[Date "2003.09.09"]
[Round "4"]
[White "Stross, Frantisek"]
[Black "Kucera, Tomas"]
[Result "1-0"]
[WhiteElo "2229"]
[BlackElo "2111"]
[Annotator "Stross"]
[PlyCount "47"]
[EventDate "2000.12.01"]

1. e4 c5 2. Nc3 Nc6 3. Bb5 Nd4 4. Bc4 e6 5. Nf3 Qc7 $6 (5... Nf6 $1) 6. O-O Nf6
7. d3 a6 8. a4 Ng4 $6 9. g3 Nxf3+ 10. Qxf3 Ne5 11. Qe2 Nxc4 12. dxc4 $14 Be7
13. Bf4 Qc6 (13... d6) 14. Rfd1 (14. Nd5 Bd8) (14. Nb5 d6) 14... O-O (14... b6
{Kucera} 15. Nd5 $1 Bd8 16. Bd6 $1 $16) (14... d6 15. Qd3 e5 16. Bd2 $14) 15.
Nb5 $5 (15. Qd3 $14) (15. Rd3 $14) 15... f5 (15... e5 $1 16. Bxe5 (16. Bd2 d6
17. Nc3 $14) 16... axb5 17. axb5 Qe6 18. Rxa8 Qxe5 19. c3 d6 20. f4 $14) 16.
Bd6 Bxd6 17. Rxd6 $1 Qxe4 18. Qxe4 fxe4 19. Nc7 $5 (19. Nc3 $16) 19... Rb8 (
19... Ra7 20. a5 Kf7 21. Re1 Ke7 22. Rd2 d6 23. Rxe4 e5 24. Nd5+ $16) 20. a5
Rf5 (20... Rf7 21. Rb6 (21. Re1 Kf8 22. Rxe4 Ke7 23. Rb6 d6 24. b4 $1 cxb4 25.
c5 dxc5 26. Nxa6 Ra8 27. Nxc5 Rxa5 28. Nxe6 Bxe6 29. Rbxe6+ Kd7 30. Rb6 $16)
21... d6 22. Ne8 d5 23. Nd6 Rd7 24. Rd1 dxc4 25. Re1 Kf8 26. Rxe4 Ke7 27. Nxc4
$16) 21. Rb6 Kf7 $6 (21... d5 22. cxd5 exd5 23. Nxa6 Ra8 24. Nxc5 $18) 22. Nxa6
Ra8 23. Nc7 Rb8 (23... Ra7 24. Nb5 Ra8 25. Nd6+ Ke7 26. Nxf5+ exf5 27. c3 $18)
24. a6 {1:35 1:43} 1-0

[Event "ProMoPro "]
[Site "?"]
[Date "2003.09.12"]
[Round "7"]
[White "Neuman, Petr"]
[Black "Stross, Frantisek"]
[Result "0-1"]
[WhiteElo "2438"]
[BlackElo "2229"]
[Annotator "Stross"]
[PlyCount "80"]
[EventDate "2000.12.01"]

{Moje nejlepsi partie z ProMoPra. Souper mi tezce spadl do pripravy a pak uz s
tim tezko mohl neco udelat. Na zaver se mi jeste povedla docela pekna
kombinace na prosazeni volnych pescu.} 1. d4 d5 2. c4 c6 3. e3 Nf6 4. Nc3 e6 5.
Nf3 Nbd7 6. Bd3 dxc4 7. Bxc4 b5 8. Bd3 Bb7 9. e4 b4 10. Na4 c5 11. e5 Nd5 12.
Ng5 $6 {Po teto partii uz bili tezko budou chtit tento tah opakovat. Lepsi je
rosada (jak proti mne hral souper nedavno v Klatovech) anebo brani na c5.}
12... Be7 $1 ({Encyklopedie uvadi jen slabsi} 12... cxd4 $6 13. Nxe6 Qe7 14.
Nxf8 Qxe5+ 15. Be2 Kxf8 16. O-O Re8 17. Bc4 $1 {
s vybornou kompenzaci bileho za obetovaneho pesce.}) 13. Qh5 g6 14. Qh6 cxd4 $1
$146 {Silna novinka, kterou doporucuje Drejev na svem CD o Meranske obrane z
roku 2001. Autorstvi pripisuje Filipenkovi.} ({Slabsi} 14... Bf8 15. Nxe6 Bxh6
16. Nxd8 Rxd8 17. Bxh6 cxd4 {s mensi vyhodou bileho se hralo v partiich
Ippolito - Neelotpal, Calicut 1998 a Stempin - Matlak, Polsko 1999}) 15. Qg7 ({
Asi lepsi bylo} 15. Nxe6 Qa5 $5 (15... fxe6 16. Bxg6+ hxg6 17. Qxg6+ (17. Qxh8+
$2 Nf8 $19) 17... Kf8 18. Bh6+ Rxh6 19. Qxh6+ $11) 16. Qg7 Rf8 17. Nxf8 Bxf8
18. Qh8 $1 (18. Qxh7 Nxe5 19. Be2 b3+ 20. Bd2 Qxa4 21. O-O d3 $17) 18... O-O-O
$5 19. e6 (19. b3 Nc3 20. O-O Nxe5 21. Nxc3 bxc3 $17) 19... fxe6 20. Qxd4 Qxa4
21. Bg5 Bc5 22. Rc1 Qc6 23. Qh4 Rf8 $17) 15... Rf8 16. Nxh7 Qa5 17. b3 Nc3 $1 {
Tady Drejev ukoncuje variantu s tim, ze cerny ma protihru. Ve skutecnosti vsak
cerny stoji jiz na hranicivyhry!} 18. Bf4 {Logicky tah, bily vyviji figuru a
brani pesce e5. Jinymi moznostmi bylo brani na c3, f8 a rosada. Bily vsak jiz
taha za kratsi konec.} 18... Bxg2 $1 {Lepsi nez} (18... Nxa4 19. bxa4 b3+ 20.
Bd2) 19. Rg1 Qd5 {To jsem si jeste presne pamatoval z mych analyz v pocitaci.
Vlastni tvorba zacala az od nasledujiciho tahu.} 20. Nxc3 {S nabidkou remizy.}
20... bxc3 21. O-O-O Be4 $1 {Strelce na d3 je nutne vymenit.} 22. f3 Bxd3 23.
Rxd3 Nc5 ({Dobre bylo i} 23... Qa5 {, ale ja spolehal na svuj 27. tah.}) 24.
Qxf8+ $1 {Jedina moznost, jak jeste pokracovat v boji.} 24... Bxf8 25. Nf6+ Kd8
26. Nxd5 Nxd3+ 27. Kc2 Nb2 $1 {Jak jsem doma zjistil, posledni tah z mych
analyz v pocitaci s hodnocenim, ze cerny by mel nejak uplatnit volne spojene
pecse c3-d4.} (27... Nxf4 $6 28. Nxf4 $15) (27... Nb4+ $2 28. Nxb4 Bxb4 29. Rd1
$11) 28. Bg5+ Kd7 29. Nf6+ Kc6 30. Rg4 (30. Bc1 Ba3 31. Bxb2 (31. Rg4 Rd8 32.
Ne4 Rd5 33. f4 Bb4 34. Bxb2 d3+ 35. Kc1 d2+ 36. Nxd2 cxb2+ 37. Kxb2 Rxd2+ $19)
31... cxb2 32. Ne4 Rh8 33. Rg2 d3+ 34. Kb1 Kd5 35. Nd2 Rc8 $1 36. Nc4 Rxc4 37.
bxc4+ Kxc4 $19) 30... Rd8 $1 31. Nh7 Bb4 $3 $19 32. Bxd8 d3+ 33. Kb1 c2+ 34.
Kxb2 Ba3+ 35. Kxa3 {Triumf spojenych volnych pescu!} 35... c1=Q+ 36. Ka4 d2 37.
Bg5 Qc2 38. Bxd2 Qxa2+ 39. Kb4 Qxd2+ 40. Ka4 Qa2+ {1:54 1:48 "Trochu si mi
spadl do pripravy". "To jsem si docela vsiml!" To byl nas jediny dialog po
partii...} 0-1

[Event "Znojmo"]
[Site "?"]
[Date "2003.09.22"]
[Round "3"]
[White "Stross, Frantisek"]
[Black "Docekal, Jan"]
[Result "1-0"]
[WhiteElo "2229"]
[BlackElo "2013"]
[Annotator "Stross"]
[PlyCount "109"]
[EventDate "2000.12.01"]

1. e4 d6 2. d4 Nf6 3. Nc3 g6 4. Be3 Bg7 5. Qd2 e5 $6 6. dxe5 dxe5 7. Qxd8+ Kxd8
8. O-O-O+ (8. Bc4 Be6 (8... Ng4 9. Rd1+ Nd7 10. Bxf7 Nxe3 11. fxe3 Ke7 12. Bc4
c6 13. a4 $14 {Hort - Donner, Wijk aan Zee 1975, 1:0 (36)}) 9. Bxe6 fxe6 10.
Nf3 Nbd7 11. Nd2 $5 (11. h3 $14) 11... Ng4 12. Bg5+ Bf6 13. Bxf6+ Ngxf6 14. Nc4
Ke7 15. f3 $14 {Gulko-Perelshteyn, Seattle 2003, 1/2 (30)}) 8... Nbd7 9. f3 (9.
h3 $5 {s ideou vyvinout jezdce na f3.}) 9... c6 10. Bc4 Ke7 11. Nge2 (11. g4 $5
) 11... h5 12. Kb1 {Aby na Sh6 mohl strelec ustoupit na f2.} 12... b6 13. b4 $5
{Zabranuje pripadne mu b5-b4 a planuje dalsim postupem na b5 (ve spojeni s a4)
ziskat centralni pole d5.} (13. Rd3 $6 b5 $1) 13... b5 14. Bb3 a5 15. a3 ({
Pocital jsem i} 15. a4 $5 {ale po} 15... axb4 16. axb5 bxc3 17. bxc6 Nb8 18.
Bc5+ Ke8 {
jsem nic konkretniho nevidel. Ovsem nejakou kompenzaci bily urcite ma. Napr.}
19. Nxc3 Bf8 20. Bb6 Be7 21. Nb5 Kf8 22. Nc7 Ra3 23. Nd5 Nxd5 24. exd5 $44)
15... axb4 16. axb4 Bb7 17. Nc1 Rhd8 $6 (17... Bh6 $1 $14) 18. Nd3 Ke8 19. Rd2
Bf8 20. Rhd1 Be7 21. Kb2 Kf8 {Otazka s Ivanem Hausnerem: "Ktera bila figura
jeste nestoji idealne?" Odpoved: "Jezdec c3!"} 22. Na2 $1 {
S ideou Ja2-c1, Sb3-a2, Jc1-b3-c5.} 22... Ke8 23. Nac1 Rac8 24. Ba2 c5 $2 {
Trochu zoufalstvi, ale jinak prijde Jb3-c5 s jasnou pozicni vyhodou.} 25. Nxc5
Nxc5 26. Rxd8+ Bxd8 27. Bxc5 {Zbytek je veci techniky...} 27... Bc6 28. Nd3 Nd7
29. Be3 Ke7 30. Bb3 f6 31. Ra1 Ra8 32. Rxa8 Bxa8 33. c4 bxc4 34. Bxc4 Bb6 35.
Bxb6 Nxb6 36. Bb3 Bc6 37. h4 $1 Be8 38. Kc3 Kd6 39. Nb2 g5 40. g3 Bd7 41. Bf7
f5 42. exf5 gxh4 43. gxh4 Nd5+ 44. Bxd5 Kxd5 45. Nc4 Bb5 46. Ne3+ Kd6 47. Kd2
Bc6 48. Ke2 Bb5+ 49. Kf2 Be8 50. Nf1 Kd5 51. Ke3 Bd7 52. Ng3 Kd6 53. Ne4+ Ke7
54. f6+ Kf7 55. b5 {1:37:52 1:41:02} 1-0

[Event "Znojmo"]
[Site "?"]
[Date "2003.??.??"]
[Round "5.1"]
[White "Lagowski, Patryk"]
[Black "Krondraf, Karel"]
[Result "1-0"]
[WhiteElo "2389"]
[BlackElo "2104"]
[Annotator "Stross"]
[PlyCount "73"]
[EventDate "2003.??.??"]

1. d4 Nf6 2. c4 g6 3. Nf3 Bg7 4. g3 O-O 5. Bg2 d6 6. O-O Nbd7 7. Nc3 c5 ({
Spise se hrava} 7... e5) 8. e4 e6 $2 {
Tento tah oslabujici d6 do tohoto systemu zcela urcite nepatri.} (8... cxd4
$142 9. Nxd4 Ne5 10. b3 Bd7 11. Bb2 Qb6 12. Rb1 Rfc8 13. h3 Rab8 14. Kh1 a6 15.
f4 $14 {Horvath - Lupu, Val Thorans 1995}) 9. h3 a6 10. Be3 Qc7 11. Qe2 Rb8 12.
Rac1 b6 13. e5 $1 $16 {Dusledek nepresneho 8. tahu cerneho.} 13... dxe5 14.
dxe5 Ne8 (14... Nxe5 15. Nxe5 Qxe5 16. Bf4 Qxe2 17. Nxe2 {
vede ke ztrate kvality.}) 15. Bf4 Bb7 16. Rfe1 Bxf3 $5 17. Bxf3 g5 18. Bxg5
Nxe5 19. Bg2 {Bily ma ocividnou pozicni prevahu.} 19... Ng6 20. h4 $1 {
Aby zahnal a zpasivnil cernemu i druheho jezdce.} 20... h6 21. Be3 Rd8 22. h5
Ne7 23. Bf4 Qa7 24. g4 $1 {
To neni utocny tah, nybrz profylakticky. Brani cernemu v manevru Je7-f5-d4.}
24... Nf6 25. Rcd1 {V bulletinu je chybne uvedeno, ze bily hral 25.Ved1} 25...
Rd4 26. Be5 $1 {Zacatek dobre propocitane zapletky.} 26... Rxg4 27. Qf3 $1 Rg5
({Vetsi odpor mohl cerny jeste klast po} 27... Rxg2+ 28. Kxg2 Nf5 $16) 28. Bxf6
Rf5 29. Bxg7 $1 {Za damu toho bily dostane vice nez dost.} 29... Rxf3 30. Bxf8
Rf5 (30... Rxc3 31. Bxe7 Qxe7 32. bxc3 $18) 31. Rd8 Nc6 {Neni nic lepsiho.} 32.
Bxc6 Qc7 33. Be7+ Kg7 34. Bf8+ Kg8 35. Be7+ Kg7 36. Nd5 $1 Qxc6 (36... exd5 37.
Bf8+ (37. Rxd5 $18) 37... Kh7 38. Rd6 Rxh5 39. Bxd5 $18) 37. Bf6+ $1 (37. Bf6+
$1 Rxf6 38. Rg8+ $1 Kxg8 39. Ne7+ $18) 1-0

$18) 1-0